[Event "14e Tournoi des 55 ans et plus de Muret"]
[Site "MURET (31)"]
[Date "2015.06.22"]
[Round "1.1"]
[White "Dragojlovic, Andjelko"]
[Black "Riviere, Gerard"]
[Result "1-0"]
[WhiteElo "2342"]
[BlackElo "1837"]
[PlyCount "59"]
[EventDate "2015.??.??"]

1. e4 c5 2. Nf3 d6 3. c3 Nf6 4. Be2 Bd7 5. d3 g6 6. O-O Bg7 7. Nbd2 Nc6 8. d4
cxd4 9. cxd4 O-O 10. d5 Ne5 11. Nxe5 dxe5 12. a4 a6 13. a5 Rc8 14. Re1 Qc7 15.
Bf1 Qc2 16. Qxc2 Rxc2 17. Nc4 Bb5 18. Na3 Rc7 19. Nxb5 axb5 20. Bxb5 Rfc8 21.
Bd2 Ne8 22. Bxe8 Rxe8 23. Rec1 Rec8 24. Rxc7 Rxc7 25. Rc1 Rxc1+ 26. Bxc1 f5 27.
b4 Bf8 28. b5 e6 29. a6 bxa6 30. bxa6 1-0

[Event "14e Tournoi des 55 ans et plus de Muret"]
[Site "MURET (31)"]
[Date "2015.06.22"]
[Round "1.2"]
[White "De Lagontrie, Jean"]
[Black "Peric, Slavisa"]
[Result "0-1"]
[WhiteElo "1782"]
[BlackElo "2190"]
[PlyCount "80"]
[EventDate "2015.??.??"]

1. d4 {[%emt 0:00:00]} d5 2. c4 dxc4 3. Nf3 e6 4. e3 Nf6 5. Bxc4 a6 6. a4 c5 7.
O-O Nc6 8. Qe2 Be7 9. Rd1 Qc7 10. Nc3 O-O 11. b3 b6 12. Bb2 Bb7 13. d5 exd5 14.
Nxd5 Nxd5 15. Bxd5 Na5 16. Be5 Qc8 17. Qb2 Bxd5 18. Rxd5 Qe6 19. Rad1 f6 20.
Bc3 Nc6 21. h3 Nd4 22. R5xd4 cxd4 23. Nxd4 Qe4 24. b4 Rfd8 25. Qb3+ Qd5 26. Qb2
Rac8 27. Rc1 Rc4 28. b5 Rxa4 29. Ra1 Rxa1+ 30. Qxa1 axb5 31. Qa7 Bc5 32. Nxb5
Qc4 33. Qa6 h5 34. Bd4 Kh7 35. Bxc5 bxc5 36. Qc6 Qd5 37. Qc7 Rd7 38. Qc8 h4 39.
Qe8 Rd8 40. Qe7 Ra8 0-1

[Event "14e Tournoi des 55 ans et plus de Muret"]
[Site "MURET (31)"]
[Date "2015.06.22"]
[Round "1.3"]
[White "Ljubisavljevic, Zivojin Z"]
[Black "Jean, Robert"]
[Result "1-0"]
[WhiteElo "2186"]
[BlackElo "1778"]
[PlyCount "47"]
[EventDate "2015.??.??"]

1. d4 {[%emt 0:00:00]} Nf6 2. c3 g6 3. Bg5 Bg7 4. Nd2 d5 5. Bxf6 Bxf6 6. e4
dxe4 7. Nxe4 Bg7 8. h4 h6 9. f4 c6 10. Bc4 Qc7 11. Qf3 b6 12. h5 Bf5 13. hxg6
fxg6 14. g4 Bxe4 15. Qxe4 Qd6 16. Nf3 Rf8 17. Ne5 Rf6 18. O-O-O b5 19. Bb3 a5
20. g5 hxg5 21. fxg5 Rf5 22. Rh7 Bxe5 23. dxe5 Qc7 24. Rh8+ 1-0

[Event "14e Tournoi des 55 ans et plus de Muret"]
[Site "MURET (31)"]
[Date "2015.06.22"]
[Round "1.4"]
[White "Auge, Jean"]
[Black "Gregory, Daniel"]
[Result "0-1"]
[WhiteElo "1745"]
[BlackElo "2055"]
[PlyCount "96"]
[EventDate "2015.??.??"]

1. e4 c5 2. g3 d5 3. exd5 Qxd5 4. Qf3 Nf6 5. Qxd5 Nxd5 6. Bg2 Nb4 7. Na3 a6 8.
d3 N8c6 9. Bd2 Nd4 10. Kd1 Nbc6 11. c3 Nf5 12. Bxc6+ bxc6 13. Nc4 Be6 14. Ne2
Rd8 15. Kc2 Nd6 16. Ne3 c4 17. d4 Bd5 18. Nxd5 cxd5 19. Bf4 Ne4 20. f3 Nf6 21.
b3 Rc8 22. Rhb1 Nd7 23. bxc4 Rxc4 24. Rb7 f6 25. Rab1 e5 26. dxe5 fxe5 27. Rxd7
Kxd7 28. Bxe5 Ke6 29. f4 Bc5 30. Bxg7 Rc8 31. Kd3 Ra4 32. Rb2 Kf5 33. h3 h5 34.
Nd4+ Bxd4 35. Bxd4 h4 36. g4+ Kxf4 37. Rg2 Kf3 38. Rg1 Rxa2 39. g5 Rg2 40. Rxg2
Kxg2 41. g6 Kxh3 42. g7 Rg8 43. Be5 Kg2 44. Kd4 h3 45. Kxd5 h2 46. Ke6 h1=Q 47.
Kf7 Qh7 48. c4 Rc8 0-1

[Event "14e Tournoi des 55 ans et plus de Muret"]
[Site "MURET (31)"]
[Date "2015.06.22"]
[Round "1.5"]
[White "Milnes, Anthony C P"]
[Black "Schrader, Edmond"]
[Result "1-0"]
[WhiteElo "2022"]
[BlackElo "1673"]
[PlyCount "53"]
[EventDate "2015.??.??"]

1. f4 Nf6 2. Nf3 d5 3. e3 c5 4. Be2 Nc6 5. O-O e6 6. d3 Bd6 7. Nc3 O-O 8. e4 d4
9. Nb1 e5 10. f5 Bd7 11. Qe1 c4 12. Qh4 Qb6 13. b3 Nb4 14. Na3 cxd3 15. cxd3
Rac8 16. Ne1 Be7 17. Nc4 Qc7 18. Qg3 Nc6 19. Bh6 g6 20. Bxf8 Rxf8 21. Nf3 Nh5
22. Qf2 gxf5 23. Nfxe5 Bg5 24. Nxd7 Qxd7 25. Qxf5 Qxf5 26. Rxf5 f6 27. Bxh5 1-0

[Event "14e Tournoi des 55 ans et plus de Muret"]
[Site "MURET (31)"]
[Date "2015.06.22"]
[Round "1.6"]
[White "Bonnal, Louis"]
[Black "Ruch, Bernard"]
[Result "1-0"]
[WhiteElo "1635"]
[BlackElo "1981"]
[PlyCount "131"]
[EventDate "2015.??.??"]

1. e4 {[%emt 0:00:00]} e6 2. Nf3 d5 3. Nc3 Nf6 4. e5 Nfd7 5. d4 c5 6. dxc5 Bxc5
7. Bf4 a6 8. Bd3 Nc6 9. a3 b5 10. O-O Be7 11. Re1 g5 12. Bg3 Nc5 13. Bf1 g4 14.
Nd4 Nxd4 15. Qxd4 h5 16. Bf4 Bb7 17. Ne2 Ne4 18. b4 Rc8 19. c3 Rc4 20. Qe3 Bg5
21. Rac1 Rc7 22. f3 gxf3 23. Qxf3 Bxf4 24. Qxf4 Qg5 25. Qxg5 Nxg5 26. Nd4 Ne4
27. Re3 Ke7 28. g3 h4 29. g4 Rhc8 30. Ne2 Nd2 31. Bg2 Nc4 32. Rh3 Nxe5 33. Rxh4
Nc4 34. Ra1 Ne3 35. Bh1 e5 36. a4 Bc6 37. a5 Ke6 38. Rh6+ f6 39. g5 Ng4 40. Rh4
f5 41. Rf1 Ne3 42. Rh6+ Kf7 43. Rf3 d4 44. Rfh3 Bxh1 45. Kxh1 f4 46. Rxa6 Rc6
47. Rh7+ Ke6 48. Rxc6+ Rxc6 49. Rh6+ Kd5 50. Rxc6 Kxc6 51. cxd4 f3 52. Kg1 fxe2
53. Kf2 e1=Q+ 54. Kxe1 Nc2+ 55. Kd2 Nxd4 56. g6 Ne6 57. h4 Kd6 58. h5 Ke7 59.
a6 Nc7 60. a7 Kf6 61. Kd3 Na8 62. Ke4 Nc7 63. g7 Kxg7 64. Kxe5 Kh6 65. Kd6 Na8
66. Kc6 1-0

[Event "14e Tournoi des 55 ans et plus de Muret"]
[Site "MURET (31)"]
[Date "2015.06.22"]
[Round "1.7"]
[White "Krauss, Michel"]
[Black "De Biasi, Robert"]
[Result "1-0"]
[WhiteElo "1960"]
[BlackElo "1622"]
[PlyCount "71"]
[EventDate "2015.??.??"]

1. e4 c5 2. Nf3 d6 3. Bb5+ Bd7 4. Bxd7+ Qxd7 5. O-O Nf6 6. Re1 e5 7. c3 Be7 8.
d4 cxd4 9. cxd4 exd4 10. Nxd4 O-O 11. Nc3 Nc6 12. Nf5 Ne5 13. Bg5 Ng6 14. Qd2
Rfe8 15. Bxf6 Bxf6 16. Qxd6 Rad8 17. Rad1 Qc8 18. Qb4 Rxd1 19. Rxd1 Qc6 20. Nd5
Qc2 21. Nxf6+ gxf6 22. Re1 Ne5 23. Qc3 Qxc3 24. bxc3 Rd8 25. Ne7+ Kf8 26. Nd5
Nd3 27. Rd1 Nf4 28. g3 Nxd5 29. exd5 Rd6 30. c4 b6 31. Kg2 a5 32. Kf3 Kg7 33.
Rb1 h5 34. h4 f5 35. Kf4 Kf6 36. a4 1-0

[Event "14e Tournoi des 55 ans et plus de Muret"]
[Site "MURET (31)"]
[Date "2015.06.22"]
[Round "1.8"]
[White "Parpinel, Mario"]
[Black "Maruejols, Claude"]
[Result "0-1"]
[WhiteElo "1612"]
[BlackElo "1939"]
[PlyCount "58"]
[EventDate "2015.??.??"]

1. e4 c5 2. Nf3 d6 3. d4 cxd4 4. Nxd4 Nf6 5. Nc3 a6 6. Be3 e5 7. Nb3 Be6 8. Bd3
Be7 9. f3 O-O 10. O-O Nbd7 11. Nd5 Bxd5 12. exd5 b5 13. c3 Nb6 14. Be4 Nc4 15.
Qe2 Nd7 16. Bf2 Ndb6 17. Rad1 Qc7 18. Qc2 g6 19. g4 Bg5 20. Rfe1 Rac8 21. h4
Bf4 22. Nc1 f6 23. Kh1 Qf7 24. Rg1 Ne3 25. Bxe3 Bxe3 26. Rg2 Kh8 27. b3 f5 28.
Rd3 Bxc1 29. gxf5 gxf5 0-1

[Event "14e Tournoi des 55 ans et plus de Muret"]
[Site "MURET (31)"]
[Date "2015.06.22"]
[Round "1.9"]
[White "Darrigues, Alain"]
[Black "Hocher, Eugene"]
[Result "1-0"]
[WhiteElo "1881"]
[BlackElo "1591"]
[PlyCount "59"]
[EventDate "2015.??.??"]

1. d4 Nf6 2. c4 g6 3. Nc3 Bg7 4. e4 d6 5. Be2 O-O 6. Nf3 c6 7. O-O Nbd7 8. Re1
Qc7 9. Bf1 a6 10. Bg5 h6 11. Be3 Ng4 12. Bc1 e5 13. h3 Ngf6 14. Be3 Re8 15. Qc2
Nh5 16. Rad1 Nf8 17. Qc1 Kh7 18. c5 exd4 19. cxd6 Qxd6 20. Nxd4 Qf6 21. g4 Qh4
22. Nf3 Qf6 23. Bg2 Ne6 24. e5 Qe7 25. gxh5 g5 26. Ne4 f5 27. exf6 Bxf6 28. Qc2
Kh8 29. Nxf6 Qxf6 30. Bd4 1-0

[Event "14e Tournoi des 55 ans et plus de Muret"]
[Site "MURET (31)"]
[Date "2015.06.22"]
[Round "1.10"]
[White "Fora, Jean-Paul"]
[Black "Orlovic, Isa"]
[Result "0-1"]
[WhiteElo "1533"]
[BlackElo "1868"]
[PlyCount "102"]
[EventDate "2015.??.??"]

1. b4 {[%emt 0:00:00]} d5 2. Bb2 Bf5 3. e3 e6 4. a3 Nf6 5. c4 Be7 6. cxd5 Bxb1
7. Rxb1 Qxd5 8. Nf3 O-O 9. Be2 c6 10. O-O Nbd7 11. Qc2 Rfd8 12. Qc4 Nf8 13.
Bxf6 Bxf6 14. d4 Qxc4 15. Bxc4 Ng6 16. Rfc1 Kf8 17. Be2 Rac8 18. Rc2 a6 19.
Rbc1 Be7 20. g3 Ra8 21. Ra2 Bd6 22. Kg2 a5 23. b5 cxb5 24. Bxb5 Rac8 25. Rb1
Rc3 26. a4 Bb4 27. Ng5 h6 28. Ne4 Rc7 29. Nd2 Ne7 30. Nf3 Nd5 31. Rab2 f6 32.
Ng1 Nc3 33. Rf1 Rdc8 34. Ne2 Nd5 35. Nf4 Ke7 36. Nd3 Rc2 37. Rxc2 Rxc2 38. Rc1
Nxe3+ 39. Kf3 Rxc1 40. Nxc1 Nf5 41. Nb3 Kd6 42. Ke4 b6 43. Nc1 Ba3 44. Nb3 Bb2
45. Be8 Ne7 46. Bb5 Nd5 47. Kd3 Ba3 48. Be8 Bb4 49. Kc4 Nc3 50. Bb5 Nd1 51. f3
Nb2# 0-1

[Event "14e Tournoi des 55 ans et plus de Muret"]
[Site "MURET (31)"]
[Date "2015.06.22"]
[Round "1.11"]
[White "Koenig, Joel"]
[Black "Heude, Jean-Noel"]
[Result "1-0"]
[WhiteElo "1854"]
[BlackElo "1370"]
[PlyCount "51"]
[EventDate "2015.??.??"]

1. Nc3 d5 2. e4 e6 3. Nf3 Nf6 4. exd5 Nxd5 5. Bc4 Nc6 6. O-O Be7 7. d4 b6 8.
Bb5 Bd7 9. Re1 a6 10. Bf1 O-O 11. Ne4 f5 12. Nc3 Nf6 13. Bc4 Qc8 14. d5 exd5
15. Nxd5 Kh8 16. Nxe7 Nxe7 17. Rxe7 b5 18. Bf1 Be6 19. Ng5 Bd7 20. Bf4 h6 21.
Nf7+ Kg8 22. Ne5 Be6 23. Ng6 Rd8 24. Qf3 Nd5 25. Rxc7 Kh7 26. Rxc8 1-0

[Event "14e Tournoi des 55 ans et plus de Muret"]
[Site "MURET (31)"]
[Date "2015.06.22"]
[Round "1.12"]
[White "Lamory, Jacques"]
[Black "Tholey, Jean-Paul"]
[Result "0-1"]
[WhiteElo "1170"]
[BlackElo "1845"]
[PlyCount "52"]
[EventDate "2015.??.??"]

1. d4 Nf6 2. Nf3 c5 3. c3 d5 4. g3 Nc6 5. Nbd2 Qc7 6. Bg2 e6 7. O-O Bd7 8. c4
cxd4 9. Nb3 e5 10. cxd5 Nb4 11. Bd2 Nbxd5 12. Rc1 Bc6 13. Re1 Bb4 14. a3 Bxd2
15. Qxd2 O-O 16. Na5 Ne4 17. Qd3 Qxa5 18. Qxe4 Nf4 19. Qxe5 Qxe5 20. Nxe5 Nxg2
21. Kf1 Nxe1 22. Kxe1 Rac8 23. Nd3 Bb5 24. Nf4 Rxc1+ 25. Kd2 Rfc8 26. Nd5 R8c2#
0-1

[Event "14e Tournoi des 55 ans et plus de Muret"]
[Site "MURET (31)"]
[Date "2015.06.22"]
[Round "2.1"]
[White "Maruejols, Claude"]
[Black "Dragojlovic, Andjelko"]
[Result "0-1"]
[WhiteElo "1954"]
[BlackElo "2331"]
[Annotator ",cash31"]
[PlyCount "62"]
[EventDate "2015.??.??"]

1. d4 {[%emt 0:00:00]} g6 {[%emt 0:00:00]} 2. c4 {[%emt 0:00:00]} Bg7 {
[%emt 0:00:00]} 3. e4 {[%emt 0:00:00]} Nf6 {[%emt 0:00:00]} 4. Nc3 {
[%emt 0:00:00]} O-O {[%emt 0:00:00]} 5. Nf3 {[%emt 0:00:00]} c6 {[%emt 0:00:00]
} 6. Be2 {[%emt 0:00:00]} d5 {[%emt 0:00:00]} 7. e5 {[%emt 0:00:00]} Ne4 {
[%emt 0:00:00]} 8. O-O {[%emt 0:00:00]} Bf5 {[%emt 0:00:00]} 9. Qb3 {
[%emt 0:00:00]} Qb6 {[%emt 0:00:00]} 10. cxd5 {[%emt 0:00:00]} Qxb3 {
[%emt 0:00:00]} 11. axb3 {[%emt 0:00:00]} Nxc3 {[%emt 0:00:00]} 12. bxc3 {
[%emt 0:00:00]} cxd5 {[%emt 0:00:00]} 13. Ne1 {[%emt 0:00:00]} Nc6 {
[%emt 0:00:00]} 14. g4 {[%emt 0:00:00]} Bd7 {[%emt 0:00:00]} 15. Nc2 {
[%emt 0:00:00]} Rfc8 {[%emt 0:00:00]} 16. Ne3 {[%emt 0:00:00]} e6 {
[%emt 0:00:00]} 17. Bb2 {[%emt 0:00:00]} f6 {[%emt 0:00:00]} 18. f4 {
[%emt 0:00:00]} fxe5 {[%emt 0:00:00]} 19. fxe5 {[%emt 0:00:00]} Bh6 {
[%emt 0:00:00]} 20. Rf3 {[%emt 0:00:00]} Bg5 {[%emt 0:00:00]} 21. c4 {
[%emt 0:00:00]} Nb4 {[%emt 0:00:00]} 22. Rc1 {[%emt 0:00:00]} a5 {
[%emt 0:00:00]} 23. Ba3 {[%emt 0:00:00]} Bc6 {[%emt 0:00:00]} 24. c5 {
[%emt 0:00:00]} Bd7 {[%emt 0:00:00]} 25. Bb2 {[%emt 0:00:00]} a4 {
[%emt 0:00:00]} 26. bxa4 {[%emt 0:00:00]} Rxa4 {[%emt 0:00:00]} 27. Rb1 {
[%emt 0:00:00]} Ra2 {[%emt 0:00:00]} 28. Bf1 {[%emt 0:00:00]} Nc6 {
[%emt 0:00:00]} 29. Nc2 {[%emt 0:00:00]} Raa8 {[%emt 0:00:00]} 30. Rb3 {
[%emt 0:00:00]} Rab8 {[%emt 0:00:00]} 31. Kh1 {[%emt 0:00:00]} Na5 {
[%emt 0:00:00]} 0-1


*

[Event "14e Tournoi des 55 ans et plus de Muret"]
[Site "MURET (31)"]
[Date "2015.06.22"]
[Round "2.2"]
[White "Orlovic, Isa"]
[Black "Ljubisavljevic, Zivojin Z"]
[Result "0-1"]
[WhiteElo "1868"]
[BlackElo "2195"]
[Annotator ",cash31"]
[PlyCount "54"]
[EventDate "2015.??.??"]

1. e4 g6 2. Bc4 Bg7 3. Nf3 e6 4. O-O d5 5. exd5 exd5 6. Re1+ Ne7 7. Bb5+ c6 8.
Be2 O-O 9. d4 h6 10. Ne5 Nd7 11. c4 Nxe5 12. dxe5 Be6 13. Bg4 Qd7 14. h3 Rad8
15. cxd5 Nxd5 16. Qe2 Bxg4 17. hxg4 Rfe8 18. f4 Nb4 19. Nc3 Qd3 20. Qxd3 Rxd3
21. Re2 g5 22. a3 Nd5 23. fxg5 Nxc3 24. bxc3 Rd1+ 25. Kf2 hxg5 26. Re4 Rxe5 27.
Rd4 Rxd4 {[%emt 0:00:08]} 0-1

*

[Event "14e Tournoi des 55 ans et plus de Muret"]
[Site "MURET (31)"]
[Date "2015.06.22"]
[Round "2.3"]
[White "Peric, Slavisa"]
[Black "Darrigues, Alain"]
[Result "1-0"]
[WhiteElo "2190"]
[BlackElo "1881"]
[Annotator ",cash31"]
[PlyCount "79"]
[EventDate "2015.??.??"]

1. d4 {[%emt 0:00:00]} Nf6 {[%emt 0:00:00]} 2. Nc3 {[%emt 0:00:00]} d5 {
[%emt 0:00:00]} 3. Bg5 {[%emt 0:00:00]} Bf5 {[%emt 0:00:00]} 4. Bxf6 {
[%emt 0:00:00]} exf6 {[%emt 0:00:00]} 5. e3 {[%emt 0:00:00]} c6 {[%emt 0:00:00]
} 6. Bd3 {[%emt 0:00:00]} Qd7 {[%emt 0:00:00]} 7. Nge2 {[%emt 0:00:00]} Bd6 {
[%emt 0:00:00]} 8. Ng3 {[%emt 0:00:00]} Bg4 {[%emt 0:00:00]} 9. Nce2 {
[%emt 0:00:00]} Na6 {[%emt 0:00:00]} 10. c3 {[%emt 0:00:00]} O-O {
[%emt 0:00:00]} 11. Qc2 {[%emt 0:00:00]} g6 {[%emt 0:00:00]} 12. b4 {
[%emt 0:00:00]} Nc7 {[%emt 0:00:00]} 13. O-O {[%emt 0:00:00]} Qe7 {
[%emt 0:00:00]} 14. a4 {[%emt 0:00:00]} Rfe8 {[%emt 0:00:00]} 15. Rfe1 {
[%emt 0:00:00]} Rac8 {[%emt 0:00:00]} 16. Qd2 {[%emt 0:00:00]} h5 {
[%emt 0:00:00]} 17. h3 {[%emt 0:00:00]} Bd7 {[%emt 0:00:00]} 18. Nf1 {
[%emt 0:00:00]} f5 {[%emt 0:00:00]} 19. Rab1 {[%emt 0:00:00]} Ne6 {
[%emt 0:00:00]} 20. c4 {[%emt 0:00:00]} Ng5 {[%emt 0:00:00]} 21. f3 {
[%emt 0:00:00]} h4 {[%emt 0:00:00]} 22. Nf4 {[%emt 0:00:00]} Be6 {
[%emt 0:00:00]} 23. cxd5 {[%emt 0:00:00]} cxd5 {[%emt 0:00:00]} 24. Ne2 {
[%emt 0:00:00]} Qf6 {[%emt 0:00:00]} 25. f4 {[%emt 0:00:00]} Nh7 {
[%emt 0:00:00]} 26. Nh2 {[%emt 0:00:00]} Kh8 {[%emt 0:00:00]} 27. Nf3 {
[%emt 0:00:00]} Rg8 {[%emt 0:00:00]} 28. Rf1 {[%emt 0:00:00]} g5 {
[%emt 0:00:00]} 29. fxg5 {[%emt 0:00:00]} Nxg5 {[%emt 0:00:00]} 30. Nxg5 {
[%emt 0:00:00]} Rxg5 {[%emt 0:00:00]} 31. Nf4 {[%emt 0:00:00]} Rcg8 {
[%emt 0:00:00]} 32. Rf2 {[%emt 0:00:00]} Qh6 {[%emt 0:00:00]} 33. Bf1 {
[%emt 0:00:00]} Rg3 {[%emt 0:00:00]} 34. Kh1 {[%emt 0:00:00]} Qg5 {
[%emt 0:00:00]} 35. Bd3 {[%emt 0:00:00]} Qh6 {[%emt 0:00:00]} 36. Rff1 {
[%emt 0:00:00]} Qg5 {[%emt 0:00:00]} 37. b5 {[%emt 0:00:00]} Qh6 {
[%emt 0:00:00]} 38. Qe2 {[%emt 0:00:00]} R8g5 {[%emt 0:00:00]} 39. Rf3 {
[%emt 0:00:00]} Rxf3 {[%emt 0:00:00]} 40. Qxf3 {[%emt 0:00:00]} 1-0



*

[Event "14e Tournoi des 55 ans et plus de Muret"]
[Site "MURET (31)"]
[Date "2015.06.22"]
[Round "2.4"]
[White "Gregory, Daniel"]
[Black "Koenig, Joel"]
[Result "1-0"]
[WhiteElo "2055"]
[BlackElo "1854"]
[Annotator ",cash31"]
[PlyCount "113"]
[EventDate "2015.??.??"]

1. Nf3 {[%emt 0:00:00]} Nc6 {[%emt 0:00:00]} 2. d4 {[%emt 0:00:00]} d5 {
[%emt 0:00:00]} 3. Bg5 {[%emt 0:00:00]} Bf5 {[%emt 0:00:00]} 4. c3 {
[%emt 0:00:00]} Nf6 {[%emt 0:00:00]} 5. Nbd2 {[%emt 0:00:00]} e6 {
[%emt 0:00:00]} 6. e3 {[%emt 0:00:00]} Be7 {[%emt 0:00:00]} 7. Be2 {
[%emt 0:00:00]} h6 {[%emt 0:00:00]} 8. Bh4 {[%emt 0:00:00]} O-O {[%emt 0:00:00]
} 9. h3 {[%emt 0:00:00]} Nd7 {[%emt 0:00:00]} 10. Bg3 {[%emt 0:00:00]} Bf6 {
[%emt 0:00:00]} 11. O-O {[%emt 0:00:00]} a5 {[%emt 0:00:00]} 12. c4 {
[%emt 0:00:00]} dxc4 {[%emt 0:00:00]} 13. Nxc4 {[%emt 0:00:00]} Re8 {
[%emt 0:00:00]} 14. Rc1 {[%emt 0:00:00]} Be4 {[%emt 0:00:00]} 15. Nfd2 {
[%emt 0:00:00]} Bg6 {[%emt 0:00:00]} 16. Qb3 {[%emt 0:00:00]} Rb8 {
[%emt 0:00:00]} 17. Na3 {[%emt 0:00:00]} Nb6 {[%emt 0:00:00]} 18. Nb5 {
[%emt 0:00:00]} e5 {[%emt 0:00:00]} 19. Nf3 {[%emt 0:00:00]} Bh5 {
[%emt 0:00:00]} 20. dxe5 {[%emt 0:00:00]} a4 {[%emt 0:00:00]} 21. Qd1 {
[%emt 0:00:00]} Qxd1 {[%emt 0:00:00]} 22. Rfxd1 {[%emt 0:00:00]} Bxe5 {
[%emt 0:00:00]} 23. Bxe5 {[%emt 0:00:00]} Bxf3 {[%emt 0:00:00]} 24. Bxf3 {
[%emt 0:00:02]} Nxe5 {[%emt 0:00:04]} 25. Rxc7 {[%emt 0:00:06]} Nxf3+ {
[%emt 0:00:03]} 26. gxf3 {[%emt 0:00:01]} Re5 {[%emt 0:00:06]} 27. Nc3 {
[%emt 0:00:00]} Na8 {[%emt 0:00:00]} 28. Rcd7 {[%emt 0:00:00]} Nb6 {
[%emt 0:00:00]} 29. R7d4 {[%emt 0:00:00]} a3 {[%emt 0:00:00]} 30. b3 {
[%emt 0:00:00]} Rc5 {[%emt 0:00:00]} 31. Nb1 {[%emt 0:00:00]} Rc2 {
[%emt 0:00:00]} 32. R4d2 {[%emt 0:00:00]} Rxd2 {[%emt 0:00:00]} 33. Rxd2 {
[%emt 0:00:02]} Ra8 {[%emt 0:00:00]} 34. Rd6 {[%emt 0:00:00]} Ra6 {
[%emt 0:00:00]} 35. Nxa3 {[%emt 0:00:00]} Rxa3 {[%emt 0:00:00]} 36. Rxb6 {
[%emt 0:00:00]} Rxa2 {[%emt 0:00:00]} 37. Rxb7 {[%emt 0:00:00]} Rb2 {
[%emt 0:00:00]} 38. Rb8+ {[%emt 0:00:00]} Kh7 {[%emt 0:00:00]} 39. b4 {
[%emt 0:00:00]} Kg6 {[%emt 0:00:00]} 40. Kg2 {[%emt 0:00:00]} f6 {
[%emt 0:00:00]} 41. e4 {[%emt 0:00:00]} Kg5 {[%emt 0:00:00]} 42. Kg3 {
[%emt 0:00:00]} Rb1 {[%emt 0:00:00]} 43. f4+ {[%emt 0:00:00]} Kg6 {
[%emt 0:00:00]} 44. b5 {[%emt 0:00:00]} Rb4 {[%emt 0:00:00]} 45. f3 {
[%emt 0:00:00]} Rb3 {[%emt 0:00:00]} 46. b6 {[%emt 0:00:00]} h5 {[%emt 0:00:00]
} 47. f5+ {[%emt 0:00:00]} Kh7 {[%emt 0:00:00]} 48. b7 {[%emt 0:00:00]} h4+ {
[%emt 0:00:00]} 49. Kg4 {[%emt 0:00:00]} Rb1 {[%emt 0:00:00]} 50. Kxh4 {
[%emt 0:00:00]} Rb4 {[%emt 0:00:00]} 51. Kg4 {[%emt 0:00:00]} Rb1 {
[%emt 0:00:00]} 52. Kf4 {[%emt 0:00:00]} Rb3 {[%emt 0:00:00]} 53. Kg3 {
[%emt 0:00:00]} Rb2 {[%emt 0:00:00]} 54. h4 {[%emt 0:00:00]} Rb3 {
[%emt 0:00:00]} 55. Kf2 {[%emt 0:00:00]} Rb2+ {[%emt 0:00:00]} 56. Ke3 {
[%emt 0:00:00]} Rb3+ {[%emt 0:00:00]} 57. Kd4 {[%emt 0:00:00]} 1-0



*

[Event "14e Tournoi des 55 ans et plus de Muret"]
[Site "MURET (31)"]
[Date "2015.06.22"]
[Round "2.5"]
[White "Tholey, Jean-Paul"]
[Black "Milnes, Anthony C P"]
[Result "0-1"]
[WhiteElo "1845"]
[BlackElo "2022"]
[Annotator ",cash31"]
[PlyCount "66"]
[EventDate "2015.??.??"]

1. d4 {[%emt 0:00:00]} e6 {[%emt 0:00:00]} 2. c4 {[%emt 0:00:00]} f5 {
[%emt 0:00:00]} 3. Nc3 {[%emt 0:00:00]} Nf6 {[%emt 0:00:00]} 4. g3 {
[%emt 0:00:00]} Bb4 {[%emt 0:00:00]} 5. Bd2 {[%emt 0:00:00]} O-O {
[%emt 0:00:00]} 6. Bg2 {[%emt 0:00:00]} d6 {[%emt 0:00:00]} 7. Nh3 {
[%emt 0:00:00]} e5 {[%emt 0:00:00]} 8. dxe5 {[%emt 0:00:00]} dxe5 {
[%emt 0:00:02]} 9. Nd5 {[%emt 0:00:03]} Bxd2+ {[%emt 0:00:03]} 10. Qxd2 {
[%emt 0:00:03]} c6 {[%emt 0:00:00]} 11. Nxf6+ {[%emt 0:00:00]} Qxf6 {
[%emt 0:00:03]} 12. Rd1 {[%emt 0:00:05]} f4 {[%emt 0:00:00]} 13. gxf4 {
[%emt 0:00:00]} exf4 {[%emt 0:00:00]} 14. Qd4 {[%emt 0:00:00]} Qh6 {
[%emt 0:00:00]} 15. Ng1 {[%emt 0:00:00]} Bg4 {[%emt 0:00:00]} 16. Rd3 {
[%emt 0:00:00]} Nd7 {[%emt 0:00:00]} 17. Bh3 {[%emt 0:00:00]} Nf6 {
[%emt 0:00:00]} 18. Bxg4 {[%emt 0:00:00]} Nxg4 {[%emt 0:00:01]} 19. Nf3 {
[%emt 0:00:05]} Rfe8 {[%emt 0:00:00]} 20. Rg1 {[%emt 0:00:00]} Qe6 {
[%emt 0:00:00]} 21. Rd2 {[%emt 0:00:00]} Qf5 {[%emt 0:00:00]} 22. h3 {
[%emt 0:00:00]} Nf6 {[%emt 0:00:00]} 23. Rg5 {[%emt 0:00:00]} Qe6 {
[%emt 0:00:00]} 24. Re5 {[%emt 0:00:00]} Qxh3 {[%emt 0:00:00]} 25. Kd1 {
[%emt 0:00:00]} Rxe5 {[%emt 0:00:00]} 26. Qxe5 {[%emt 0:00:00]} Re8 {
[%emt 0:00:00]} 27. Qxf4 {[%emt 0:00:00]} Qf1+ {[%emt 0:00:00]} 28. Ne1 {
[%emt 0:00:00]} Ne4 {[%emt 0:00:00]} 29. Rd7 {[%emt 0:00:00]} Nxf2+ {
[%emt 0:00:00]} 30. Kd2 {[%emt 0:00:00]} Qxe2+ {[%emt 0:00:00]} 31. Kc3 {
[%emt 0:00:00]} Qe3+ {[%emt 0:00:00]} 32. Nd3 {[%emt 0:00:00]} Qxf4 {
[%emt 0:00:00]} 33. Nxf4 {[%emt 0:00:00]} Ne4+ {[%emt 0:00:00]} 0-1

*

[Event "14e Tournoi des 55 ans et plus de Muret"]
[Site "MURET (31)"]
[Date "2015.06.22"]
[Round "2.6"]
[White "Orlovic, Lucie"]
[Black "Krauss, Michel"]
[Result "0-1"]
[WhiteElo "1019"]
[BlackElo "1960"]
[Annotator ",cash31"]
[PlyCount "40"]
[EventDate "2015.??.??"]

1. e4 {[%emt 0:00:00]} e5 {[%emt 0:00:00]} 2. Nf3 {[%emt 0:00:00]} Nc6 {
[%emt 0:00:00]} 3. Bc4 {[%emt 0:00:00]} Nf6 {[%emt 0:00:00]} 4. d3 {
[%emt 0:00:00]} Bc5 {[%emt 0:00:00]} 5. O-O {[%emt 0:00:00]} O-O {
[%emt 0:00:00]} 6. Bg5 {[%emt 0:00:00]} h6 {[%emt 0:00:00]} 7. Bh4 {
[%emt 0:00:00]} g5 {[%emt 0:00:00]} 8. Bg3 {[%emt 0:00:00]} d6 {[%emt 0:00:00]}
9. h3 {[%emt 0:00:00]} Na5 {[%emt 0:00:00]} 10. Nc3 {[%emt 0:00:00]} c6 {
[%emt 0:00:00]} 11. a3 {[%emt 0:00:00]} Nxc4 {[%emt 0:00:00]} 12. dxc4 {
[%emt 0:00:00]} a5 {[%emt 0:00:00]} 13. h4 {[%emt 0:00:00]} g4 {[%emt 0:00:00]}
14. Nh2 {[%emt 0:00:00]} Nh5 {[%emt 0:00:00]} 15. Qd3 {[%emt 0:00:00]} f5 {
[%emt 0:00:00]} 16. Rfe1 {[%emt 0:00:00]} f4 {[%emt 0:00:00]} 17. Na4 {
[%emt 0:00:00]} fxg3 {[%emt 0:00:00]} 18. Nxc5 {[%emt 0:00:00]} gxh2+ {
[%emt 0:00:00]} 19. Kf1 {[%emt 0:00:00]} h1=Q+ {[%emt 0:00:00]} 20. Ke2 {
[%emt 0:00:00]} Qhxh4 {[%emt 0:00:00]} 0-1


*

[Event "14e Tournoi des 55 ans et plus de Muret"]
[Site "MURET (31)"]
[Date "2015.06.23"]
[Round "2.7"]
[White "Riviere, Gerard"]
[Black "Bonnal, Louis"]
[Result "1-0"]
[WhiteElo "1837"]
[BlackElo "1635"]
[Annotator ",cash31"]
[PlyCount "41"]
[EventDate "2015.??.??"]

1. d4 {[%emt 0:00:00]} Nf6 {[%emt 0:00:00]} 2. Nf3 {[%emt 0:00:00]} g6 {
[%emt 0:00:00]} 3. c4 {[%emt 0:00:00]} Bg7 {[%emt 0:00:00]} 4. g3 {
[%emt 0:00:00]} O-O {[%emt 0:00:00]} 5. Bg2 {[%emt 0:00:00]} d6 {[%emt 0:00:00]
} 6. Nc3 {[%emt 0:00:00]} Re8 {[%emt 0:00:00]} 7. O-O {[%emt 0:00:00]} Nbd7 {
[%emt 0:00:00]} 8. Qc2 {[%emt 0:00:00]} e5 {[%emt 0:00:00]} 9. dxe5 {
[%emt 0:00:00]} dxe5 {[%emt 0:00:00]} 10. Rd1 {[%emt 0:00:00]} c6 {
[%emt 0:00:00]} 11. Ng5 {[%emt 0:00:00]} Qc7 {[%emt 0:00:00]} 12. Nge4 {
[%emt 0:00:00]} Nb6 {[%emt 0:00:00]} 13. Bg5 {[%emt 0:00:00]} Ng4 {
[%emt 0:00:00]} 14. Nd6 {[%emt 0:00:00]} Rf8 {[%emt 0:00:00]} 15. c5 {
[%emt 0:00:00]} Nd5 {[%emt 0:00:00]} 16. Nxd5 {[%emt 0:00:00]} cxd5 {
[%emt 0:00:00]} 17. Bxd5 {[%emt 0:00:00]} h6 {[%emt 0:00:00]} 18. Bd2 {
[%emt 0:00:00]} Rb8 {[%emt 0:00:00]} 19. Rac1 {[%emt 0:00:00]} a6 {
[%emt 0:00:00]} 20. Qxg6 {[%emt 0:00:00]} Nf6 {[%emt 0:00:00]} 21. Bxh6 {
[%emt 0:00:00]} 1-0



*